Исследование эффективности возбуждения акустических колебаний однопроводным излучателем под действием силы Лоренца. Разработка ЭМА-преобразователя. Приборная реализация; Дефектоскопия; № 7

書誌詳細
Parent link:Дефектоскопия.— , 1965-.— 0130-3082
№ 7.— 2005.— С. 13-22
第一著者: Лещенко Н. Г.
その他の著者: Мужицкий В. Ф., Ремезов В. Б.
言語:ロシア語
出版事項: 2005
シリーズ:Акустические методы
主題:
フォーマット: MixedMaterials 図書の章
KOHA link:https://koha.lib.tpu.ru/cgi-bin/koha/opac-detail.pl?biblionumber=428772

MARC

LEADER 00000naa2a2200000 4500
001 428772
005 20231101074849.0
035 |a (RuTPU)RU\TPU\prd\88376 
035 |a RU\TPU\prd\38898 
090 |a 428772 
100 |a 20101019a2005 k y0rusy50 ca 
101 0 |a rus 
102 |a RU 
200 1 |a Исследование эффективности возбуждения акустических колебаний однопроводным излучателем под действием силы Лоренца. Разработка ЭМА-преобразователя. Приборная реализация  |f Н. Г. Лещенко, В. Ф. Мужицкий, В. Б. Ремезов 
225 1 |a Акустические методы 
320 |a Библиогр.: 9 назв. 
461 0 |0 (RuTPU)RU\TPU\prd\151  |x 0130-3082  |t Дефектоскопия  |d 1965- 
463 0 |0 (RuTPU)RU\TPU\prd\88374  |t № 7  |v С. 13-22  |d 2005 
610 1 |a ЭМА-преобразователи 
610 1 |a акустические колебания 
610 1 |a возбуждение 
610 1 |a однопроводные излучатели 
610 1 |a сила Лоренца 
610 1 |a приборная реализация 
610 1 |a смещение 
610 1 |a исследование 
675 |a 620.179.16  |v 3 
700 1 |a Лещенко  |b Н. Г. 
701 1 |a Мужицкий  |b В. Ф. 
701 1 |a Ремезов  |b В. Б. 
801 1 |a RU  |b 63413507  |c 20051012  |g PSBO 
801 2 |a RU  |b 63413507  |c 20140123  |g RCR 
942 |c BK